Brasões do Brasil - Statistics

Estatísticas Gerais
  • Esse quiz foi jogado 43 vezes
  • A pontuação média é 20 de 27
Estatísticas das Respostas
Imagem Resposta % Correto
Minas Gerais
97%
São Paulo
97%
Tocantins
97%
Bahia
94%
Pará
94%
Piauí
94%
Rio de Janeiro
94%
Rio Grande do Sul
94%
Santa Catarina
94%
Espírito Santo
91%
Mato Grosso do Sul
91%
Rondônia
91%
Roraima
91%
Distrito Federal
80%
Acre
77%
Amapá
74%
Ceará
66%
Alagoas
63%
Maranhão
63%
Rio Grande do Norte
63%
Paraná
51%
Amazonas
46%
Goiás
46%
Paraíba
43%
Pernambuco
43%
Sergipe
43%
Mato Grosso
29%
Nenhum quiz correspondente encontrado
Distribuição das Pontuações
Porcentagem de Pessoas com Cada Pontuação
Percentil de Números Respondidos
Sua Pontuação Histórica
Você não jogou esse quiz